| 000 | 00569cam a2200181 4500500 | ||
|---|---|---|---|
| 005 | 20260405002750.0 | ||
| 041 | _afre | ||
| 042 | _adc | ||
| 100 | 1 | 0 |
_aPortevin, Catherine _eauthor |
| 245 | 0 | 0 | _aPendant que j’y pense / septembre 2018 |
| 260 | _c2018. | ||
| 500 | _a79 | ||
| 690 | _aCatherine Portevin | ||
| 690 | _aPascal Chabot | ||
| 690 | _aSilicon Valley | ||
| 786 | 0 | _nPhilosophie magazine | 122 | 9 | 2018-09-01 | p. 40-40 | 1951-1787 | |
| 856 | 4 | 1 | _uhttps://shs.cairn.info/magazine-philosophie-magazine-2018-9-page-40?lang=fr&redirect-ssocas=7080 |
| 999 |
_c2060913 _d2060913 |
||